[Event "IECG WC.2004.S.00008 email"]
[Site "IECG email"]
[Date "2002.05.08"]
[Round "?"]
[White "Coclet, Olivier"]
[Black "Kordts, Wolfgang"]
[Result "0-1"]
[WhiteElo "2254"]
[BlackElo "2334"]
[PlyCount "58"]
[EventDate "2002.05.08"]
[EventType "tourn (corr)"]
[EventRounds "8"]
[SourceTitle "Corr 2008"]
[Source "ChessBase"]
[SourceDate "2008.06.24"]
[SourceVersion "1"]
[SourceVersionDate "2008.06.24"]
[SourceQuality "1"]

1. e4 c5 2. c3 d6 3. d4 Nf6 4. dxc5 Nc6 5. f3 d5 6. exd5 Nxd5 7. Bc4 e6 8. Bxd5 exd5 9. Be3 b6 10. cxb6 Bd6 11. Ne2 0-0 12. 0-0 Ba6 13. Bf2 Ne5 14. Nd2 Nd3 15. b7 Rb8 16. Rb1 Rxb7 17. Nb3 Qg5 18. g3 Re8 19. Ned4 Rbe7 20. Kh1 Qh5 21. Kg2 Qg6 22. Kh1 h5 23. Bg1 h4 24. gxh4 Nf4 25. Rf2 Bd3 26. Ra1 Qh5 27. Nd2 Qxh4 28. Nf1 Nh3 29. Rg2 Bxf1 0-1

[Event "IECG WC.2004.S.00008 email"]
[Site "IECG email"]
[Date "2002.05.08"]
[Round "?"]
[White "Coclet, Olivier"]
[Black "Onder, Evren"]
[Result "0-1"]
[WhiteElo "2254"]
[BlackElo "2151"]
[PlyCount "52"]
[EventDate "2002.05.08"]
[EventType "tourn (corr)"]
[EventRounds "8"]
[SourceTitle "Corr 2008"]
[Source "ChessBase"]
[SourceDate "2008.06.24"]
[SourceVersion "1"]
[SourceVersionDate "2008.06.24"]
[SourceQuality "1"]

1. e4 c5 2. c3 d5 3. exd5 Qxd5 4. d4 Nf6 5. Nf3 Nc6 6. Na3 Bg4 7. Be2 cxd4 8. Nb5 0-0-0 9. Nbxd4 e5 10. Nxc6 Qxc6 11. Qc2 Bc5 12. 0-0 Rhe8 13. Ng5 e4 14. b4 Bb6 15. a4 Bxe2 16. Qxe2 Rd3 17. Bf4 Nd5 18. Bg3 Nxc3 19. Qc2 Qc4 20. Rfc1 h6 21. a5 Bd4 22. Nh3 g5 23. a6 b5 24. Kh1 f5 25. Bd6 e3 26. Bc5 e2 0-1

[Event "IECG WC.2004.S.00008 email"]
[Site "IECG email"]
[Date "2002.05.08"]
[Round "?"]
[White "Coclet, Olivier"]
[Black "Schneider, Peter"]
[Result "1/2-1/2"]
[WhiteElo "2254"]
[BlackElo "2285"]
[PlyCount "39"]
[EventDate "2002.05.08"]
[EventType "tourn (corr)"]
[EventRounds "8"]
[SourceTitle "Corr 2008"]
[Source "ChessBase"]
[SourceDate "2008.06.24"]
[SourceVersion "1"]
[SourceVersionDate "2008.06.24"]
[SourceQuality "1"]

1. e4 e5 2. Nf3 Nc6 3. d4 exd4 4. Nxd4 Bc5 5. Nxc6 Qf6 6. Qf3 dxc6 7. Bd3 Be6 8. Nc3 Qxf3 9. gxf3 0-0-0 10. Be3 Bxe3 11. fxe3 Nf6 12. e5 Nd5 13. Nxd5 cxd5 14. 0-0-0 g6 15. h4 f6 16. exf6 Rhf8 17. h5 Rxf6 18. hxg6 hxg6 19. Rdf1 Rdf8 20. f4 1/2-1/2

[Event "IECG WC.2004.S.00008 email"]
[Site "IECG email"]
[Date "2002.05.08"]
[Round "?"]
[White "Sobirey, Michael"]
[Black "Coclet, Olivier"]
[Result "1-0"]
[WhiteElo "2043"]
[BlackElo "2254"]
[PlyCount "57"]
[EventDate "2002.05.08"]
[EventType "tourn (corr)"]
[EventRounds "8"]
[SourceTitle "Corr 2008"]
[Source "ChessBase"]
[SourceDate "2008.06.24"]
[SourceVersion "1"]
[SourceVersionDate "2008.06.24"]
[SourceQuality "1"]

1. d4 Nf6 2. c4 g6 3. Nc3 Bg7 4. e4 d6 5. Nf3 0-0 6. Be2 e5 7. 0-0 Nc6 8. d5 Ne7 9. b4 Nh5 10. Re1 f5 11. Ng5 Nf6 12. f3 c6 13. Be3 Bh6 14. h4 fxe4 15. fxe4 a5 16. b5 c5 17. Rf1 Bd7 18. Qd3 b6 19. Bd2 Bg7 20. Ne6 Bxe6 21. dxe6 Ra7 22. Rad1 Nc8 23. g4 h5 24. gxh5 gxh5 25. Nd5 Qe8 26. Qh3 Qg6+ 27. Bg5 Nxd5 28. exd5 Bf6 29. Bd3 1-0

[Event "IECG WC.2004.P.00011 email"]
[Site "IECG email"]
[Date "2001.01.22"]
[Round "?"]
[White "Coclet, Olivier"]
[Black "Schneider, Peter"]
[Result "1/2-1/2"]
[WhiteElo "2198"]
[BlackElo "2081"]
[PlyCount "95"]
[EventDate "2001.01.22"]
[EventType "tourn (corr)"]
[EventRounds "8"]
[SourceTitle "Corr 2008"]
[Source "ChessBase"]
[SourceDate "2008.06.24"]
[SourceVersion "1"]
[SourceVersionDate "2008.06.24"]
[SourceQuality "1"]

1. e4 e5 2. Nf3 Nc6 3. d4 exd4 4. Nxd4 Nf6 5. Nxc6 bxc6 6. e5 Qe7 7. Qe2 Nd5 8. c4 Ba6 9. b3 Qh4 10. a3 Bc5 11. g3 Bxf2+ 12. Qxf2 Qe4+ 13. Kd1 Qxh1 14. Nd2 Nc3+ 15. Kc2 Ne4 16. Nxe4 Qxe4+ 17. Bd3 Qg4 18. Bf5 Qh5 19. h4 f6 20. exf6 gxf6 21. Bb2 0-0 22. Bxd7 Bc8 23. Bxc6 Bf5+ 24. Kc3 Rad8 25. g4 Bxg4 26. Rg1 Kh8 27. Bd5 Qf5 28. Qxf5 Bxf5 29. Bc1 Rfe8 30. Bh6 Re7 31. Rg3 Rde8 32. Rf3 Be4 33. Rxf6 Bxd5 34. cxd5 Kg8 35. Bg5 Rf7 36. Ra6 Re4 37. Kd3 Rg4 38. Ke3 Rg3+ 39. Kd4 Rxb3 40. Rxa7 Rb1 41. Kc4 Rd1 42. a4 Rf2 43. Kb3 Rxd5 44. Rxc7 h5 45. Rc6 Rg2 46. Rg6+ Kf7 47. Rf6+ Kg7 48. Rh6 1/2-1/2

[Event "IECC TH-T email"]
[Site "IECC email"]
[Date "2000.12.02"]
[Round "?"]
[White "Jobe, Tom B"]
[Black "Coclet, Olivier"]
[Result "0-1"]
[WhiteElo "1863"]
[BlackElo "2301"]
[PlyCount "80"]
[EventDate "2000.??.??"]
[EventType "match (corr)"]
[EventRounds "2"]
[SourceTitle "Corr 2008"]
[Source "ChessBase"]
[SourceDate "2008.06.24"]
[SourceVersion "1"]
[SourceVersionDate "2008.06.24"]
[SourceQuality "1"]

1. d4 f5 2. c4 Nf6 3. g3 g6 4. Bg2 Bg7 5. Nh3 d6 6. Nc3 0-0 7. d5 Nbd7 8. 0-0 Ne5 9. b3 c5 10. Bb2 a6 11. a4 b6 12. Qc2 Rb8 13. Rae1 Qe8 14. f4 Neg4 15. e4 Nh5 16. Ng5 Bd4+ 17. Kh1 Ne3 18. Rxe3 Bxe3 19. Ne2 fxe4 20. Qc3 Bd4 21. Nxd4 cxd4 22. Qxd4 Nf6 23. Nxe4 Bf5 24. Ng5 b5 25. axb5 axb5 26. h3 bxc4 27. bxc4 Qa4 28. g4 Bd3 29. Qxd3 Rxb2 30. Qe3 Qc2 31. Qe6+ Kh8 32. Rg1 Ng8 33. c5 Qxc5 34. Qe1 Qc2 35. Ne6 Rc8 36. g5 Rc3 37. Qh4 Qf5 38. Nd4 Qd3 39. Ne6 Rcc2 40. Qg4 Qxd5 0-1

[Event "IECG CP.2000.P.00120"]
[Site "IECG email"]
[Date "2000.10.01"]
[Round "?"]
[White "Coclet, Olivier"]
[Black "Hale, Michael"]
[Result "1-0"]
[WhiteElo "2202"]
[BlackElo "1563"]
[PlyCount "25"]
[EventDate "2000.10.01"]
[EventType "tourn (corr)"]
[EventRounds "6"]
[EventCountry "FRA"]
[SourceTitle "Corr 2008"]
[Source "ChessBase"]
[SourceDate "2008.06.24"]
[SourceVersion "1"]
[SourceVersionDate "2008.06.24"]
[SourceQuality "1"]

1. e4 Nc6 2. Nf3 e5 3. d4 Nxd4 4. Nxd4 exd4 5. Qxd4 Nf6 6. e5 Nh5 7. g4 Be7 8. gxh5 0-0 9. Rg1 d6 10. Bh6 dxe5 11. Qe4 Qd4 12. Rxg7+ Kh8 13. Qxh7# 1-0